Apellidos más comunes por provincia (España) - Estadísticas

Estadísticas generales
  • Esta prueba ha sido intentada 986 veces
  • La puntuación promedio es 47 de 50
Estadísticas de respuestas
Provincia Pista Respuesta % Correcto
Álava (G) García
98%
Albacete (G) García
98%
Alicante (G) García
98%
Almería (G) García
98%
Badajoz (G) García
98%
Barcelona (G) García
98%
Burgos (G) García
98%
Cádiz (G) García
98%
Castellón de la Plana (G) García
98%
Ciudad Real (G) García
98%
Córdoba (G) García
98%
Gerona (G) García
98%
Granada (G) García
98%
Guadalajara (G) García
98%
Guipúzcoa (G) García
98%
Islas Baleares (G) García
98%
Jaén (G) García
98%
La Coruña (G) García
98%
Lérida (G) García
98%
Madrid (G) García
98%
Málaga (G) García
98%
Palencia (G) García
98%
Segovia (G) García
98%
Sevilla (G) García
98%
Soria (G) García
98%
Tarragona (G) García
98%
Toledo (G) García
98%
Valencia (G) García
98%
Valladolid (G) García
98%
Vizcaya (G) García
98%
Zaragoza (G) García
98%
Asturias (F) Fernández
95%
Cantabria (F) Fernández
95%
León (F) Fernández
95%
Zamora (F) Fernández
95%
Ávila (M) Martín
90%
Huesca (M) Martín
90%
Cuenca (M) Martínez
88%
La Rioja (M) Martínez
88%
Murcia (M) Martínez
88%
Navarra (M) Martínez
88%
Huelva (R) Rodríguez
87%
Orense (R) Rodríguez
87%
Las Palmas (R) Rodríguez
87%
Pontevedra (R) Rodríguez
87%
Teruel (P) Pérez
80%
Lugo (L) López
78%
Cáceres (S) Sánchez
76%
Salamanca (S) Sánchez
76%
Santa Cruz de Tenerife (G) González
69%
No se encontraron pruebas coincidentes
Distribución de puntuación
Porcentaje de gente con cada puntuación
Porcentaje por número respondido
Historial de tus puntuaciones
No has intentado esta prueba.